| 000 | 00703pam a2200205 i 4500 | ||
|---|---|---|---|
| 001 | 3162535 | ||
| 005 | 20250207163652.0 | ||
| 008 | 750821s1976 nyu b 001 0 eng | ||
| 020 | _a0442295707 | ||
| 050 | 0 | 0 |
_aRC480 _b.T445 1976 |
| 082 | 0 | 0 | _a616.8/914 |
| 245 | 0 | 4 |
_aThe Therapist's handbook : _btreatment methods of mental disorders / _cedited by Benjamin B. Wolman, in collaboration with Richard Abrams ... [et al.] ; foreword by Bertram S. Brown. |
| 260 |
_aNew York : _bVan Nostrand Reinhold, _cc1976 |
||
| 300 |
_axvi, 539 p. ; _c24 cm. |
||
| 650 | 0 | _aPsychotherapy. | |
| 650 | 2 | _aPsychotherapy. | |
| 650 | 2 |
_aMental disorders _xTherapy. |
|
| 700 | 1 | _aWolman, Benjamin B. | |
| 942 |
_2lcc _cBK _n0 |
||
| 999 |
_c3558 _d3558 |
||